<?xml version="1.0" encoding="UTF-8"?>
<record
    xmlns:xsi="http://www.w3.org/2001/XMLSchema-instance"
    xsi:schemaLocation="http://www.loc.gov/MARC21/slim http://www.loc.gov/standards/marcxml/schema/MARC21slim.xsd"
    xmlns="http://www.loc.gov/MARC21/slim">

  <leader>01070nam a2200217Ia 4500</leader>
  <controlfield tag="003">OSt</controlfield>
  <controlfield tag="005">20250123163344.0</controlfield>
  <controlfield tag="008">210210b2003   xxu||||| |||| 00| 0 eng d</controlfield>
  <datafield tag="020" ind1=" " ind2=" ">
    <subfield code="a">81 86668 45 4</subfield>
  </datafield>
  <datafield tag="040" ind1=" " ind2=" ">
    <subfield code="c">AL</subfield>
  </datafield>
  <datafield tag="041" ind1=" " ind2=" ">
    <subfield code="a">Kannada</subfield>
  </datafield>
  <datafield tag="082" ind1=" " ind2=" ">
    <subfield code="a">K894.8 KADK</subfield>
  </datafield>
  <datafield tag="100" ind1=" " ind2=" ">
    <subfield code="a">KADENGODLU SHANKARABHATTA JANMA SHATAMANOTSAVA SAMITI</subfield>
    <subfield code="9">195009</subfield>
    <subfield code="d">&#xC95;&#xCA1;&#xCC6;&#xC82;&#xC97;&#xCCB;&#xCA1;&#xCCD;&#xCB2;&#xCC1; &#xCB6;&#xC82;&#xC95;&#xCB0;&#xCAD;&#xC9F;&#xCCD;&#xC9F; &#xC9C;&#xCA8;&#xCCD;&#xCAE; &#xCB6;&#xCA4;&#xCAE;&#xCBE;&#xCA8;&#xCCB;&#xCA4;&#xCCD;&#xCB8;&#xCB5; &#xCB8;&#xCAE;&#xCBF;&#xCA4;&#xCBF; </subfield>
  </datafield>
  <datafield tag="245" ind1=" " ind2=" ">
    <subfield code="a">Kadengodlu Sahitya I: Kadengodlu Shankarabhatta Samagra Kavya Samputa</subfield>
    <subfield code="b">&#xC95;&#xCA1;&#xCC6;&#xC82;&#xC97;&#xCCB;&#xCA1;&#xCCD;&#xCB2;&#xCC1;&#xCB8;&#xCBE;&#xCB9;&#xCBF;&#xCA4;&#xCCD;&#xCAF; &#xCE7;: &#xC95;&#xCA1;&#xCC6;&#xC82;&#xC97;&#xCCB;&#xCA1;&#xCCD;&#xCB2;&#xCC1; &#xCB6;&#xC82;&#xC95;&#xCB0;&#xCAD;&#xC9F;&#xCCD;&#xC9F; &#xCB8;&#xCAE;&#xC97;&#xCCD;&#xCB0; &#xC95;&#xCBE;&#xCB5;&#xCCD;&#xCAF; &#xCB8;&#xC82;&#xCAA;&#xCC1;&#xC9F; </subfield>
  </datafield>
  <datafield tag="260" ind1=" " ind2=" ">
    <subfield code="a">Udupi</subfield>
    <subfield code="b">Rashtrakavi Govinda Pai Samshodhana Kendra</subfield>
    <subfield code="c">2003</subfield>
  </datafield>
  <datafield tag="300" ind1=" " ind2=" ">
    <subfield code="a">xiv,573</subfield>
  </datafield>
  <datafield tag="650" ind1=" " ind2=" ">
    <subfield code="a">Ghoshayatre  gandhi sandesha  vastrapaharana kanike  hannu kai  patrapushpa  padenudi  nalme  honniya maduve  madriya chite  murlinada hennu  bhutalapandya</subfield>
    <subfield code="9">195010</subfield>
  </datafield>
  <datafield tag="690" ind1=" " ind2=" ">
    <subfield code="a">Kannada Miscellaneous</subfield>
    <subfield code="9">195011</subfield>
  </datafield>
  <datafield tag="906" ind1=" " ind2=" ">
    <subfield code="a">SG04149</subfield>
  </datafield>
  <datafield tag="942" ind1=" " ind2=" ">
    <subfield code="2">ddc</subfield>
    <subfield code="c">BK</subfield>
  </datafield>
  <datafield tag="999" ind1=" " ind2=" ">
    <subfield code="c">114869</subfield>
    <subfield code="d">114869</subfield>
  </datafield>
  <datafield tag="952" ind1=" " ind2=" ">
    <subfield code="0">0</subfield>
    <subfield code="1">0</subfield>
    <subfield code="2">ddc</subfield>
    <subfield code="4">0</subfield>
    <subfield code="7">0</subfield>
    <subfield code="8">KAN</subfield>
    <subfield code="a">AL</subfield>
    <subfield code="b">AL</subfield>
    <subfield code="d">2021-02-17</subfield>
    <subfield code="e">Rastrakavi Govinda Pai Samshodhana kendra</subfield>
    <subfield code="g">0.00</subfield>
    <subfield code="l">1</subfield>
    <subfield code="o">K894.8 KADK</subfield>
    <subfield code="p">SG04149</subfield>
    <subfield code="r">2026-02-25 14:57:29</subfield>
    <subfield code="s">2026-02-21</subfield>
    <subfield code="w">2021-02-17</subfield>
    <subfield code="y">SG</subfield>
  </datafield>
</record>
